Transport aeri : coneix els teus drets i com pots presentar reclamacions coneix els teus drets i com pots presentar reclamacions
Descripción Física:
6 p. plegades ; il. col. ; 14 x 20 cm
Idioma:
Catalán
MARC
| LEADER | 00000nam a22000007a 4500 | ||
|---|---|---|---|
| 001 | 25047 | ||
| 008 | 211129b spa||||| |||| 00| 0 cat d | ||
| 080 | |a FU-67-99 | ||
| 245 | |a Transport aeri : |b coneix els teus drets i com pots presentar reclamacions | ||
| 260 | |a Barcelona : |b Diputació de Barcelona. Àrea d'Atenció a les Persones ; |c 2018 | ||
| 300 | |a 6 p. plegades ; |b il. col. ; |c 14 x 20 cm | ||
| 500 | |a També en castellà: "Transporte aéreo : conoce tus derechos y cómo puedes presentar reclamaciones" (R.25048) | ||
| 650 | 0 | |9 52425 |a Aviació comercial | |
| 650 | 0 | |9 52422 |a Reclamacions dels clients | |
| 710 | |a Barcelona (Catalunya : Província). |b Àrea d'Atenció a les Persones |9 52421 | ||
| 942 | |2 udc |c ARXIU |n 1 | ||
| 952 | |0 0 |1 0 |2 udc |4 0 |6 FU6799 |7 1 |9 60870 |a Arxiu |b Arxiu |d 2021-11-29 |l 0 |o FU-67-99 |p 25047 |r 2021-11-29 00:00:00 |w 2021-11-29 |y ARXIU | ||
| 999 | |c 80996 |d 80996 | ||